[Event "FIDE Women's Grand Swiss"]
[Site "Samarkand UZB"]
[Date "2025.09.15"]
[Round "11.5"]
[White "Muzychuk, Mariya"]
[Black "Danielian, Elina"]
[Result "1-0"]
[WhiteTitle "GM"]
[BlackTitle "GM"]
[WhiteElo "2484"]
[BlackElo "2405"]
[WhiteFideId "14114550"]
[BlackFideId "13300210"]
[EventDate "2025.09.04"]

1. e4 e6 2. d4 d5 3. Nc3 Nf6 4. Bg5 Be7 5. e5 Nfd7 6. h4 h6 7. Bxe7 Qxe7 8. f4
a6 9. Nf3 c5 10. Qd2 Nc6 11. Ne2 O-O 12. g4 cxd4 13. Nfxd4 f6 14. Bg2 Nxd4 15.
Nxd4 Nb6 16. O-O-O fxe5 17. fxe5 Nc4 18. Qc3 Bd7 19. Nf5 exf5 20. Bxd5+ Kh8 21.
Qxc4 Rac8 22. Qd4 Be6 23. gxf5 Bxd5 24. Qxd5 Rxf5 25. Qd7 Qf8 26. e6 Qc5 27. Rh2
Qe3+ 28. Kb1 Rfc5 29. Qf7 R5c7 30. Qg6 Re7 31. Rhd2 Rce8 32. Rd7 Qe2 33. b3 b5
34. Rg1 Qe5 35. h5 b4 36. Rxe7 Rxe7 37. Rd1 Qb8 38. Rd7 Qf8 39. Rxe7 Qxe7 40.
Qf7 Qh4 41. a3 Qe1+ 42. Ka2 Qe4 43. Qg6 Qe1 44. Qe8+ Kh7 45. e7 1-0

[Event "FIDE Women's Grand Swiss"]
[Site "Samarkand UZB"]
[Date "2025.09.15"]
[Round "11.6"]
[White "Kosteniuk, Alexandra"]
[Black "Guo, Qi"]
[Result "1/2-1/2"]
[WhiteTitle "GM"]
[BlackTitle "IM"]
[WhiteElo "2472"]
[BlackElo "2371"]
[WhiteFideId "4128125"]
[BlackFideId "8604002"]
[EventDate "2025.09.04"]

1. Nf3 d5 2. g3 c5 3. Bg2 Nc6 4. d4 e6 5. O-O Nf6 6. c4 dxc4 7. Qa4 Bd7 8. Qxc4
cxd4 9. Nxd4 Rc8 10. Nc3 Nxd4 11. Qxd4 Bc5 12. Qh4 O-O 13. Bxb7 Rb8 14. Bf3 Rb4
15. Qg5 Qb6 16. a3 Rc4 17. Qd2 Bd4 18. e3 Bxc3 19. bxc3 Bc6 20. Be2 Ne4 21. Qb2
Rc5 22. c4 Qc7 23. Rb1 h5 24. Bd2 h4 25. Be1 hxg3 26. hxg3 Rg5 27. f4 Rg6 28.
Bh5 Rh6 29. Bf3 f5 30. Qe5 Qxe5 31. fxe5 g5 32. Bb4 Rc8 33. Rfd1 g4 34. Bg2 Ng5
35. Bxc6 Rxc6 36. Rd8+ Kf7 37. Rbd1 Nf3+ 38. Kf2 Rh2+ 39. Kf1 Nxe5 40. c5 a5 41.
Bxa5 Rxc5 42. Bb4 Rcc2 43. R8d2 Nf3 44. Rxc2 Rxc2 45. a4 Ra2 46. a5 Nh2+ 47. Ke1
Nf3+ 48. Kf1 Nh2+ 49. Ke1 Nf3+ 1/2-1/2

[Event "FIDE Women's Grand Swiss"]
[Site "Samarkand UZB"]
[Date "2025.09.15"]
[Round "11.7"]
[White "Tsolakidou, Stavroula"]
[Black "Shuvalova, Polina"]
[Result "1-0"]
[WhiteTitle "IM"]
[BlackTitle "IM"]
[WhiteElo "2445"]
[BlackElo "2492"]
[WhiteFideId "4264312"]
[BlackFideId "24171760"]
[EventDate "2025.09.04"]

1. e4 c5 2. Nf3 d6 3. d4 cxd4 4. Nxd4 Nf6 5. Nc3 a6 6. Bg5 e6 7. Qf3 Nbd7 8.
O-O-O Qc7 9. Kb1 b5 10. Bxf6 Nxf6 11. e5 Bb7 12. Ncxb5 axb5 13. Qb3 Bd5 14.
Bxb5+ Nd7 15. c4 Be4+ 16. Ka1 O-O-O 17. Ba6+ Bb7 18. Nb5 Nc5 19. Qe3 Nxa6 20.
Nxc7 Nxc7 21. Qb6 Na8 22. Qa7 Be7 23. Rd3 Nc7 24. Rb3 Bc6 25. Rd1 Rhf8 26. Rb6 1-0

[Event "FIDE Women's Grand Swiss"]
[Site "Samarkand UZB"]
[Date "2025.09.15"]
[Round "11.8"]
[White "Zhai, Mo"]
[Black "Lu, Miaoyi"]
[Result "0-1"]
[WhiteTitle "WGM"]
[BlackTitle "IM"]
[WhiteElo "2380"]
[BlackElo "2449"]
[WhiteFideId "8600201"]
[BlackFideId "8618020"]
[EventDate "2025.09.04"]

1. d4 d5 2. c4 e6 3. Nf3 Nf6 4. Nc3 c6 5. cxd5 exd5 6. Qc2 g6 7. Bg5 Be7 8. e3
Bf5 9. Bd3 Bxd3 10. Qxd3 Nbd7 11. O-O O-O 12. Qc2 Kg7 13. Rab1 a5 14. a3 Ne8 15.
Bxe7 Qxe7 16. e4 dxe4 17. Nxe4 Nef6 18. Nc5 Nb6 19. Rfe1 Qc7 20. b4 axb4 21.
axb4 Nbd5 22. Qc1 Ra2 23. Rb2 Rfa8 24. Rxa2 Rxa2 25. Qb1 Ra8 26. h3 Qb6 27. Qb3
Ne8 28. Ne4 Nec7 29. Rb1 Nb5 30. Nc5 Ra3 31. Qb2 Ra7 32. Qe2 Qc7 33. Re1 Ra8 34.
Ng5 Kg8 35. Qg4 h6 36. Nf3 Nxb4 37. Qh4 h5 38. g3 Nd5 39. Qg5 Nd6 40. Ne6 Qd7
41. Nc5 Qxh3 42. Qe5 Nc4 43. Qe2 b5 44. Nd3 Qg4 45. Kg2 Kg7 46. Rh1 Ra3 47. Rh4
Qf5 48. Nf4 Rc3 49. Qe8 Nf6 50. Qe2 Rc2 51. Qe1 Ng4 0-1

[Event "FIDE Women's Grand Swiss"]
[Site "Samarkand UZB"]
[Date "2025.09.15"]
[Round "11.9"]
[White "Stefanova, Antoaneta"]
[Black "Narva, Mai"]
[Result "0-1"]
[WhiteTitle "GM"]
[BlackTitle "IM"]
[WhiteElo "2395"]
[BlackElo "2386"]
[WhiteFideId "2902257"]
[BlackFideId "4500512"]
[EventDate "2025.09.04"]

1. d4 Nf6 2. c4 e6 3. Nf3 Bb4+ 4. Nbd2 Be7 5. e4 d5 6. e5 Nfd7 7. Bd3 c5 8. cxd5
exd5 9. O-O Nc6 10. Re1 O-O 11. Bb1 Qb6 12. h4 cxd4 13. Nb3 Re8 14. e6 fxe6 15.
Nfxd4 Nf8 16. Be3 Qd8 17. h5 Bb4 18. Re2 e5 19. Nxc6 bxc6 20. Rc2 Qf6 21. Qc1
Bd7 22. h6 Ne6 23. hxg7 Nf4 24. a3 Bd6 25. Nc5 Bxc5 26. Bxf4 exf4 27. Rxc5 Re5
28. Bd3 Qh6 29. f3 Rh5 30. Kf2 Rh2 31. Bf1 Re8 0-1

[Event "FIDE Women's Grand Swiss"]
[Site "Samarkand UZB"]
[Date "2025.09.15"]
[Round "11.10"]
[White "Girya, Olga"]
[Black "Maltsevskaya, Aleksandra"]
[Result "1-0"]
[WhiteTitle "GM"]
[BlackTitle "IM"]
[WhiteElo "2386"]
[BlackElo "2379"]
[WhiteFideId "4195752"]
[BlackFideId "24174041"]
[EventDate "2025.09.04"]

1. d4 d5 2. c4 e6 3. Nc3 Nf6 4. cxd5 exd5 5. Bg5 Be7 6. e3 h6 7. Bh4 Bg4 8. Be2
Bxe2 9. Ngxe2 c6 10. f3 O-O 11. O-O Nbd7 12. Bf2 b5 13. Nf4 Bd6 14. Nce2 Re8 15.
Kh1 a5 16. Rc1 Rc8 17. Qd3 b4 18. Qf5 Nf8 19. b3 a4 20. Rc2 axb3 21. axb3 g6 22.
Qh3 Kg7 23. Rfc1 Qa5 24. Bg3 Qa6 25. Nxg6 Bxg3 26. Nxf8 Bf2 27. Nd7 Nxd7 28.
Qxd7 Bxe3 29. Qg4+ Kf8 30. Rd1 Re6 31. f4 Rce8 32. f5 Re4 33. Qg3 Bxd4 34. Nxd4
Rxd4 35. Qd6+ Kg7 36. Rg1 Qd3 37. Rxc6 Qe3 38. Qf6+ Kg8 39. Rc7 Rf8 40. h3 Rd2
41. Qd6 Qg5 42. f6 Re2 43. Qxb4 Rfe8 44. Rd7 R2e3 45. Qd4 R8e5 46. b4 Re1 47.
Rd8+ Kh7 48. Qd3+ Qg6 49. Rxd5 Rxg1+ 50. Kxg1 Rxd5 51. Qxd5 Qxf6 52. b5 Kg8 53.
Qc5 Qf4 54. b6 h5 55. Qc7 1-0

[Event "FIDE Women's Grand Swiss"]
[Site "Samarkand UZB"]
[Date "2025.09.15"]
[Round "11.11"]
[White "Osmak, Yuliia"]
[Black "Wagner, Dinara"]
[Result "1/2-1/2"]
[WhiteTitle "IM"]
[BlackTitle "IM"]
[WhiteElo "2478"]
[BlackElo "2400"]
[WhiteFideId "14101602"]
[BlackFideId "24157570"]
[EventDate "2025.09.04"]

1. d4 Nf6 2. c4 e6 3. Nc3 Bb4 4. e3 O-O 5. Nf3 d5 6. Bd2 Nbd7 7. Rc1 c6 8. Qc2
Qe7 9. Bd3 dxc4 10. Bxc4 e5 11. a3 Bd6 12. Ba2 a5 13. O-O e4 14. Ng5 Bxh2+ 15.
Kxh2 Ng4+ 16. Kg1 Qxg5 17. Qxe4 Qh4 18. Qf4 Ndf6 19. Be1 g5 20. f3 Qh6 21. Qd6
Nxe3 22. Ne4 Kg7 23. Bd2 Nxe4 24. Qxh6+ Kxh6 25. Bxe3 Nf6 26. Rc5 Nd5 27. Bxd5
cxd5 28. Rxd5 f6 29. Bd2 Be6 30. Rxa5 Rxa5 31. Bxa5 Rc8 32. Re1 Rc6 33. Bc3 Kg6
34. a4 h5 35. a5 h4 36. Kf2 Kf5 37. g3 hxg3+ 38. Kxg3 Rc8 39. Rh1 Kg6 40. f4 g4
41. Re1 Kf5 42. Rh1 Kg6 43. Rh2 Rd8 44. Rh4 Re8 45. Rh1 Rc8 1/2-1/2

[Event "FIDE Women's Grand Swiss"]
[Site "Samarkand UZB"]
[Date "2025.09.15"]
[Round "11.12"]
[White "Omonova, Umida"]
[Black "Garifullina, Leya"]
[Result "0-1"]
[WhiteTitle "WIM"]
[BlackTitle "IM"]
[WhiteElo "2252"]
[BlackElo "2477"]
[WhiteFideId "14210363"]
[BlackFideId "34127035"]
[EventDate "2025.09.04"]

1. e4 c5 2. Nf3 d6 3. d4 cxd4 4. Nxd4 Nf6 5. Nc3 a6 6. Bg5 Nbd7 7. Bc4 Qb6 8.
Bb3 e6 9. Bxf6 Nxf6 10. Qd2 Nd7 11. O-O-O Nc5 12. Rhe1 Bd7 13. Nf5 Nxb3+ 14.
axb3 O-O-O 15. Nxd6+ Bxd6 16. Qxd6 Qxf2 17. Rf1 Qe3+ 18. Kb1 Bb5 19. Nxb5 Rxd6
20. Nxd6+ Kb8 21. Rxf7 Rd8 22. Ka2 Qg5 23. b4 Qh5 24. Rd3 Rxd6 0-1

[Event "FIDE Women's Grand Swiss"]
[Site "Samarkand UZB"]
[Date "2025.09.15"]
[Round "11.13"]
[White "Injac, Teodora"]
[Black "Gaal, Zsoka"]
[Result "1/2-1/2"]
[WhiteTitle "IM"]
[BlackTitle "WGM"]
[WhiteElo "2454"]
[BlackElo "2388"]
[WhiteFideId "932400"]
[BlackFideId "777765"]
[EventDate "2025.09.04"]

1. c4 e6 2. Nc3 d5 3. d4 Nf6 4. Bg5 Nbd7 5. cxd5 exd5 6. e3 h6 7. Bf4 c6 8. Bd3
Be7 9. h3 O-O 10. Nf3 Re8 11. O-O Nf8 12. Qc2 Bd6 13. Bxd6 Qxd6 14. Rab1 a5 15.
a3 N8d7 16. Rfc1 Qe7 17. Nd2 Nb6 18. b4 axb4 19. axb4 Be6 20. Ne2 Rec8 21. Nf4
Bd7 22. Nb3 Ne8 23. Na5 Nd6 24. Ra1 Be8 25. Re1 Nd7 26. Nb3 Nf6 27. Ra5 b6 28.
Raa1 Nb5 29. Bf5 Rd8 30. Nd3 h5 31. h4 Nd6 32. Bh3 Nfe4 33. g3 Nc4 34. Bg2 Bd7
35. Bxe4 Qxe4 36. Nd2 Nxd2 37. Qxd2 f6 38. Kh2 Qg4 39. Nf4 g5 40. hxg5 fxg5 41.
f3 Qxf3 42. Qc2 Qe4 43. Qxe4 dxe4 44. Nh3 Bxh3 45. Kxh3 Kf7 46. Rf1+ Ke6 47.
Rac1 Rdc8 48. g4 h4 49. Rf5 Ra3 50. Rxg5 Rxe3+ 51. Kxh4 Rd3 52. Re5+ Kd6 53.
Rxe4 Rh8+ 54. Kg5 Rg8+ 55. Kh4 Rh8+ 56. Kg5 Rg8+ 57. Kh4 1/2-1/2

[Event "FIDE Women's Grand Swiss"]
[Site "Samarkand UZB"]
[Date "2025.09.15"]
[Round "11.14"]
[White "Javakhishvili, Lela"]
[Black "Badelka, Olga"]
[Result "1-0"]
[WhiteTitle "IM"]
[BlackTitle "IM"]
[WhiteElo "2434"]
[BlackElo "2375"]
[WhiteFideId "13601458"]
[BlackFideId "13509926"]
[EventDate "2025.09.04"]

1. c4 e6 2. Nf3 Nf6 3. g3 d5 4. Bg2 Be7 5. O-O O-O 6. b3 c6 7. d3 b6 8. Nbd2
Nbd7 9. Bb2 Bb7 10. e4 h6 11. a3 Re8 12. cxd5 cxd5 13. e5 Nh7 14. b4 Rc8 15. Re1
Nb8 16. Nd4 Nc6 17. N4b3 Nf8 18. b5 Nb8 19. d4 f6 20. f4 Nbd7 21. Bf1 fxe5 22.
fxe5 Nh7 23. Nf3 Rc7 24. Bd3 Qc8 25. Qe2 Ndf8 26. Rf1 Bd8 27. h4 Ree7 28. Nbd2
Rf7 29. Nh2 Rxf1+ 30. Ndxf1 Qd7 31. Bc1 Qe8 32. Bd2 Bc8 33. Ne3 Kh8 34. Ng2 Bd7
35. Ng4 Bc8 36. Nf4 g5 37. hxg5 Bxg5 38. Kg2 h5 39. Nf6 Nxf6 40. exf6 Bxf6 41.
Rh1 Bxd4 42. Nxh5 Nh7 43. Bf4 e5 44. Nf6 Qd8 45. Bxe5 1-0

[Event "FIDE Women's Grand Swiss"]
[Site "Samarkand UZB"]
[Date "2025.09.15"]
[Round "11.15"]
[White "Balajayeva, Khanim"]
[Black "Shukhman, Anna"]
[Result "1-0"]
[WhiteTitle "IM"]
[BlackTitle "WGM"]
[WhiteElo "2331"]
[BlackElo "2420"]
[WhiteFideId "13406396"]
[BlackFideId "54180058"]
[EventDate "2025.09.04"]

1. e4 c5 2. c3 d5 3. exd5 Qxd5 4. d4 g6 5. Nf3 Bg7 6. Nbd2 cxd4 7. Bc4 Qd8 8.
Nxd4 Nf6 9. O-O O-O 10. N2f3 Qc7 11. Qe2 Bg4 12. h3 Bxf3 13. Nxf3 e6 14. Re1 Nc6
15. Bg5 Na5 16. Bd3 Nd5 17. Rad1 Rac8 18. Qe4 Nc4 19. Bc1 Rfd8 20. Qh4 Ne5 21.
Nxe5 Bxe5 22. Bg5 f6 23. Bc1 a6 24. Bc2 Qf7 25. Bb3 Kh8 26. Qe4 Re8 27. Qf3 Bb8
28. Kf1 Nb6 29. Be3 Nc4 30. Bg5 Rf8 31. Bh6 Rfe8 32. Re4 Ne5 33. Qe2 g5 34. h4
gxh4 35. Rxh4 Rcd8 36. Be3 Ng6 37. Rb4 Rxd1+ 38. Qxd1 Qc7 39. Qf3 f5 40. Rxb7
Qd6 41. Bg5 Bc7 42. Bf6+ Kg8 43. Qxf5 Kf8 44. Qh3 Qf4 45. Qe3 Qxf6 46. Qh6+ Ke7
47. Qxh7+ 1-0

[Event "FIDE Women's Grand Swiss"]
[Site "Samarkand UZB"]
[Date "2025.09.15"]
[Round "11.16"]
[White "Ushenina, Anna"]
[Black "Kaliakhmet, Elnaz"]
[Result "1-0"]
[WhiteTitle "GM"]
[BlackTitle "WIM"]
[WhiteElo "2409"]
[BlackElo "2299"]
[WhiteFideId "14110911"]
[BlackFideId "13730169"]
[EventDate "2025.09.04"]

1. d4 d5 2. c4 e6 3. Nc3 a6 4. cxd5 exd5 5. Qb3 c5 6. Qxd5 cxd4 7. Qxd8+ Kxd8 8.
Nd5 Be6 9. Nf4 Bb4+ 10. Bd2 Bxd2+ 11. Kxd2 Nc6 12. g3 Nf6 13. Bg2 Re8 14. Ngh3
h6 15. Rhc1 Kc7 16. Nd3 Bd5 17. Bxd5 Nxd5 18. Nhf4 Rad8 19. h4 a5 20. Nxd5+ Rxd5
21. Rc5 Rd6 22. Rac1 Rde6 23. Nf4 Re5 24. Rxe5 Rxe5 25. Nd3 Re7 26. Rc5 b6 27.
Rb5 Na7 28. Rf5 Nc6 29. h5 Kd6 30. Rb5 Rb7 31. Nf4 Ne7 32. Kd3 Kc6 33. a4 Rd7
34. b4 axb4 35. Rxb4 Nf5 36. g4 Nd6 37. Rxd4 b5 38. axb5+ Nxb5 39. Rxd7 Kxd7 40.
Ke4 Kd6 41. e3 Nc3+ 42. Kd3 Na4 43. Kd4 Nc5 44. e4 Nd7 45. Nd3 Ke7 46. Ne5 Nf8
47. f4 Ne6+ 48. Ke3 f6 49. Nc6+ Kf7 50. Nd4 Nc5 51. Nf5 Ne6 52. e5 Nf8 53. Ke4
g6 54. Nd4 fxe5 55. fxe5 Nh7 56. Nf3 Nf8 57. Kd5 gxh5 58. gxh5 Ne6 59. Kd6 Nf4
60. Kd7 Nxh5 61. e6+ Kf6 62. e7 Ng7 63. Nd4 Ke5 64. Ne6 Nh5 65. Kd8 Nf6 66. Nc5
Kd5 1-0

[Event "FIDE Women's Grand Swiss"]
[Site "Samarkand UZB"]
[Date "2025.09.15"]
[Round "11.17"]
[White "Efroimski, Marsel"]
[Black "Khamdamova, Afruza"]
[Result "1/2-1/2"]
[WhiteTitle "IM"]
[BlackTitle "WIM"]
[WhiteElo "2377"]
[BlackElo "2409"]
[WhiteFideId "2810964"]
[BlackFideId "14210444"]
[EventDate "2025.09.04"]

1. e4 e5 2. Nf3 Nc6 3. Bb5 a6 4. Ba4 Nf6 5. O-O Be7 6. Re1 b5 7. Bb3 d6 8. c3
O-O 9. h3 Nb8 10. d4 Nbd7 11. Nbd2 Bb7 12. Bc2 Re8 13. Nf1 Bf8 14. Ng3 a5 15.
Bd2 a4 16. Bd3 c6 17. Qc2 Qc7 18. b4 Nb6 19. Be3 Nfd7 20. Nd2 Ba6 21. Rac1 c5
22. d5 Rac8 23. Qd1 c4 24. Bf1 g6 25. Nb1 Bg7 26. Qd2 Nf8 27. Na3 Rb8 28. Bh6 f6
29. Be2 Nc8 30. Rf1 Bxh6 31. Qxh6 Qg7 32. Qxg7+ Kxg7 33. Bd1 Ne7 34. Bc2 Bc8 35.
Rcd1 Bd7 36. f4 h5 37. fxe5 fxe5 38. Rf2 Nh7 39. Rdf1 Rf8 40. Rxf8 Rxf8 41. Rxf8
Kxf8 42. Kf2 Nf6 43. Ne2 Kg7 44. Ng1 Kh6 45. Nf3 Nc8 46. Nb1 Nh7 47. Nbd2 Nb6
48. Nf1 1/2-1/2

[Event "FIDE Women's Grand Swiss"]
[Site "Samarkand UZB"]
[Date "2025.09.15"]
[Round "11.18"]
[White "Kamalidenova, Meruert"]
[Black "Roebers, Eline"]
[Result "1-0"]
[WhiteTitle "IM"]
[BlackTitle "IM"]
[WhiteElo "2349"]
[BlackElo "2377"]
[WhiteFideId "13712802"]
[BlackFideId "1058401"]
[EventDate "2025.09.04"]

1. e4 e6 2. d4 d5 3. Nc3 Bb4 4. e5 Ne7 5. a3 Bxc3+ 6. bxc3 b6 7. a4 Ba6 8. Bxa6
Nxa6 9. Qd3 Nb8 10. Ba3 Nbc6 11. Nf3 Na5 12. Nd2 Qd7 13. Bb4 Nac6 14. a5 O-O 15.
O-O f6 16. f4 Rf7 17. Nf3 Raf8 18. exf6 gxf6 19. Rfe1 Re8 20. Nh4 Nc8 21. axb6
cxb6 22. f5 e5 23. dxe5 Nxe5 24. Qd4 Rg7 25. h3 Kh8 26. Rad1 a5 27. Ba3 Reg8 28.
Rf1 Qe8 29. Ng6+ hxg6 30. Qh4+ Rh7 31. Qxf6+ Rhg7 32. Qh4+ Rh7 33. Qf6+ Rhg7 34.
Rfe1 Nf3+ 35. gxf3 gxf5+ 36. Kf2 Qg6 37. Re6 Qxf6 38. Rxf6 Rg2+ 39. Ke3 Rxc2 40.
Bf8 Rgg2 41. Rxd5 Rxc3+ 42. Kf4 Rf2 43. Rd8 Rfxf3+ 44. Kg5 Rg3+ 45. Kh6 Rxh3+
46. Kg6 Rhg3+ 47. Kf7 1-0

[Event "FIDE Women's Grand Swiss"]
[Site "Samarkand UZB"]
[Date "2025.09.15"]
[Round "11.19"]
[White "Bulmaga, Irina"]
[Black "Vantika, Agrawal"]
[Result "1/2-1/2"]
[WhiteTitle "IM"]
[BlackTitle "IM"]
[WhiteElo "2400"]
[BlackElo "2381"]
[WhiteFideId "13903063"]
[BlackFideId "25050389"]
[EventDate "2025.09.04"]

1. d4 Nf6 2. g3 d5 3. Nf3 c5 4. Bg2 cxd4 5. O-O h6 6. b3 e6 7. Bb2 Bc5 8. Bxd4
Bxd4 9. Qxd4 Nc6 10. Qb2 O-O 11. Nbd2 Qe7 12. c4 Rd8 13. cxd5 exd5 14. Rfe1 d4
15. Rad1 Be6 16. a3 a5 17. Rc1 Rac8 18. Nc4 b5 19. Nce5 Nxe5 20. Nxe5 Rxc1 21.
Rxc1 Bd5 22. Bxd5 Qxe5 23. Bf3 Ne4 24. Bxe4 Qxe4 25. Qd2 Re8 26. Rd1 Qxe2 27.
Qxe2 Rxe2 28. Rxd4 Ra2 29. Rd5 Rxa3 30. Rxb5 a4 1/2-1/2

[Event "FIDE Women's Grand Swiss"]
[Site "Samarkand UZB"]
[Date "2025.09.15"]
[Round "11.20"]
[White "Mkrtchian, Lilit"]
[Black "Tokhirjonova, Gulrukhbegim"]
[Result "1/2-1/2"]
[WhiteTitle "IM"]
[BlackTitle "IM"]
[WhiteElo "2393"]
[BlackElo "2372"]
[WhiteFideId "13300601"]
[BlackFideId "14203626"]
[EventDate "2025.09.04"]

1. d4 Nf6 2. Nf3 b6 3. e3 Bb7 4. Bd3 d6 5. c4 Nbd7 6. Nc3 e5 7. d5 g6 8. e4 Bg7
9. h3 Nc5 10. Bc2 a5 11. Be3 O-O 12. a3 Nh5 13. g3 Bc8 14. Nd2 Qe8 15. Qe2 f5
16. exf5 gxf5 17. O-O-O Bd7 18. Rdg1 Kh8 19. Bd1 Nf6 20. g4 e4 21. Bc2 Qf7 22.
f4 c6 23. dxc6 Bxc6 24. gxf5 d5 25. Rh2 Rad8 26. cxd5 Nxd5 27. Nxd5 Bxd5 28.
Rxg7 Qxg7 29. Kb1 Nd3 30. Bxd3 exd3 31. Qf2 Rfe8 32. Ka1 Bb7 33. Nc4 Qf6 34. Ne5
Kg8 35. Qg1+ Qg7 36. Qe1 Rd6 37. Rd2 b5 38. Rd1 b4 39. Qd2 Rc8 40. axb4 Rc2 41.
Qxc2 dxc2 42. Rxd6 Qc7 43. Rd7 c1=Q+ 44. Bxc1 Qxc1+ 45. Ka2 Qxf4 46. Ng4 Qc4+
47. Ka1 Qa6 48. b5 Qb6 49. f6 Be4 50. Nh6+ Kf8 51. Rf7+ Ke8 52. Re7+ Kd8 53.
Nf7+ Kc8 54. Re8+ Kc7 55. Re7+ Kb8 56. Rxe4 Qxf6 57. Ne5 Qf1+ 58. Ka2 Qxh3 59.
Nc4 a4 60. Re8+ Kc7 61. Re3 Qh4 62. Rc3 Qg5 63. b6+ Kb7 64. Ka3 h5 65. Kxa4 h4
66. Rb3 Qg4 67. Rb4 Qd7+ 68. Ka3 Qd5 69. Ne3 Qc5 70. Ng4 h3 71. Kb3 Qd5+ 72. Ka3
Qe6 73. Ka4 Qe2 74. Ka3 h2 75. Nxh2 Qxh2 76. Ka2 Qc2 77. Ka3 Qb1 78. Kb3 Qe1 79.
Kc4 Qe3 80. Rb3 Qc1+ 81. Kd3 Qc5 82. Kd2 Qc4 83. Rc3 Qf4+ 84. Kc2 Kxb6 85. Kb1
Kb5 86. Ka2 Qf1 87. Rb3+ Kc4 88. Rc3+ Kd4 89. Ra3 Qd1 90. Rc3 Qd2 91. Kb1 Qd1+
92. Ka2 Qa4+ 93. Kb1 Qd1+ 94. Ka2 Qa4+ 1/2-1/2

[Event "FIDE Women's Grand Swiss"]
[Site "Samarkand UZB"]
[Date "2025.09.15"]
[Round "11.21"]
[White "Beydullayeva, Govhar"]
[Black "Arabidze, Meri"]
[Result "1/2-1/2"]
[WhiteTitle "WGM"]
[BlackTitle "IM"]
[WhiteElo "2368"]
[BlackElo "2444"]
[WhiteFideId "13413015"]
[BlackFideId "13604040"]
[EventDate "2025.09.04"]

1. d4 Nf6 2. Nf3 d5 3. Bf4 e6 4. e3 c5 5. Nbd2 Nc6 6. c3 Nh5 7. Bg5 f6 8. Bh4 g6
9. Rc1 cxd4 10. cxd4 Ng7 11. Ne5 Nf5 12. Nxc6 bxc6 13. Bg3 Bd7 14. Bd3 Kf7 15.
Bxf5 exf5 16. O-O h5 17. h4 Rh7 18. Nb3 Kg8 19. Rc2 Be8 20. Nc1 Qe7 21. Nd3 Qe4
22. Re1 Qe6 23. Qd2 Rg7 24. Rec1 g5 25. hxg5 fxg5 26. Be5 Rh7 27. e4 f4 28. exd5
Qxd5 29. Nb4 Qe6 30. Nxc6 Qf5 31. Re1 h4 32. d5 h3 33. Nd4 Qf7 34. Ne6 hxg2 35.
f3 Qf5 36. Qxg2 Bg6 37. Rc6 Bb4 38. Re4 Be8 39. Rc1 Be7 40. Nxf4 Rh4 41. Nd3 Rh3
42. Nf4 Rh4 43. Rc7 Rh7 44. Ne6 Bg6 45. Qg4 Re8 46. Qxf5 Bxf5 47. Re2 Bd8 48.
Rxh7 Bxh7 49. Nxd8 Rxd8 50. d6 Kf7 51. Bg3 Rd7 52. Rd2 Ke6 53. Rd4 Bb1 54. Ra4
Rf7 55. Kg2 Bc2 56. Ra6 Bd1 57. d7+ Ke7 58. Rxa7 Bxf3+ 59. Kg1 Kd8 60. Ra3 g4
61. b4 Rxd7 62. Bh4+ Kc8 63. Kf2 Rd2+ 64. Kg3 Kb7 65. Ra5 Rd5 66. Ra3 Rd2 67.
Ra5 Rd5 68. Ra3 Rd2 69. Ra5 Rd5 1/2-1/2

[Event "FIDE Women's Grand Swiss"]
[Site "Samarkand UZB"]
[Date "2025.09.15"]
[Round "11.22"]
[White "Karimova, Guldona"]
[Black "Balabayeva, Xeniya"]
[Result "0-1"]
[WhiteTitle "WIM"]
[BlackTitle "WGM"]
[WhiteElo "2324"]
[BlackElo "2383"]
[WhiteFideId "14210410"]
[BlackFideId "13719688"]
[EventDate "2025.09.04"]

1. e4 e5 2. Nf3 Nc6 3. Bc4 Nf6 4. d3 Be7 5. O-O d6 6. a4 a5 7. Re1 O-O 8. h3 Be6
9. Nbd2 h6 10. c3 Qd7 11. Bxe6 fxe6 12. Nc4 Qe8 13. d4 exd4 14. cxd4 Qg6 15. Qe2
Nh5 16. d5 exd5 17. exd5 Nb4 18. Qxe7 Rxf3 19. Re6 Rf7 20. Qxd6 Qc2 21. Qe5
Qxf2+ 22. Kh2 Rf5 23. Be3 Rxe5 24. Bxf2 Rxd5 25. Bg1 Nc6 26. Ra3 Nf4 27. Re4 Rf8
28. Rb3 b6 29. Rc3 Nb4 30. Re7 Rg5 31. Rg3 Rxg3 32. Kxg3 Nbd5 33. Re4 Nh5+ 34.
Kh2 Rf4 35. Re5 Rxc4 36. Rxd5 Nf6 37. Rd8+ Kf7 38. Rc8 Nd5 39. Rd8 Ne7 40. Bf2
Rxa4 41. Bg3 Rc4 42. Rd2 a4 43. Rf2+ Kg6 44. Rd2 Nf5 45. Be5 h5 46. Rd7 c6 47.
g3 Rc5 48. Bc3 a3 49. g4 hxg4 50. hxg4 axb2 51. Bxb2 Rc2+ 52. Kh3 Rxb2 53. gxf5+
Kxf5 54. Rxg7 c5 0-1

[Event "FIDE Women's Grand Swiss"]
[Site "Samarkand UZB"]
[Date "2025.09.15"]
[Round "11.23"]
[White "Ouellet, Maili-Jade"]
[Black "Salimova, Nurgyul"]
[Result "1/2-1/2"]
[WhiteTitle "WGM"]
[BlackTitle "IM"]
[WhiteElo "2348"]
[BlackElo "2386"]
[WhiteFideId "2620472"]
[BlackFideId "2915138"]
[EventDate "2025.09.04"]

1. d4 d5 2. c4 c6 3. Nf3 Nf6 4. Nc3 dxc4 5. a4 Bf5 6. Ne5 Nbd7 7. Nxc4 Nb6 8.
Ne5 a5 9. g3 e6 10. Bg2 Bb4 11. O-O O-O 12. e3 h6 13. Qe2 Bh7 14. Rd1 Qe7 15. e4
Rfd8 16. Bf4 Rac8 17. h4 Nfd7 18. Nd3 Bd6 19. Be3 Nc4 20. Bc1 e5 21. d5 Ncb6 22.
dxc6 bxc6 23. b3 Nf8 24. Be3 Nbd7 25. Qc2 Ne6 26. Nb2 Bc5 27. Nc4 Nd4 28. Qa2
Nf6 29. f3 Nh5 30. Kh2 Kh8 31. Qf2 Bb4 32. Na2 Nxb3 33. Rab1 Rxd1 34. Rxd1 Nf6
35. Nxb4 axb4 36. Qb2 Nd4 37. Nxe5 Ne6 38. Bxh6 c5 39. Bg5 Nd4 40. Nd3 Qe6 41.
Nxc5 Nxf3+ 42. Bxf3 Rxc5 43. Rd8+ Ng8 44. Be3 Rc4 45. Bd4 Bxe4 46. Bxe4 Qxe4 47.
Bxg7+ Kh7 48. Rd2 Qg6 49. Qb3 Re4 50. Bd4 Nh6 51. Qd5 Ng4+ 52. Kh3 Ne3 53. Bxe3
Rxe3 54. Rg2 b3 55. Qb7 Qe6+ 56. Kh2 Re2 57. Qb5 Rxg2+ 58. Kxg2 Qe4+ 59. Kh3 Qc2
60. Qh5+ Kg8 61. Qg4+ Kf8 62. Qb4+ Ke8 63. Qb5+ Ke7 64. Qb7+ Ke6 65. Qb6+ Ke5
66. Qb5+ Kd4 67. Qb6+ Kd3 68. Qb5+ Qc4 69. Qf5+ Kd2 70. Qf2+ Kc1 71. Qe1+ Kc2
72. Qf2+ Kb1 73. a5 b2 74. a6 Qe6+ 75. Kh2 Qxa6 76. Qxf7 Qe2+ 77. Kh3 Kc1 78.
Qf4+ Kc2 79. Qa4+ Kc1 80. Qf4+ Qd2 81. Qf1+ Kc2 82. Qc4+ Qc3 83. Qe2+ Kb3 84.
Qd1+ Ka3 85. h5 Qc8+ 86. Kh4 Qf5 87. Qd6+ Kb3 88. Qd1+ Kc3 89. Qe1+ Kc4 90. Qe2+
Kc3 91. Qe1+ Kc2 92. Qe2+ Kb3 93. Qe3+ Ka2 94. Qa7+ Kb3 95. Qe3+ Kb4 96. Qd2+
Kb3 97. Qe3+ 1/2-1/2

[Event "FIDE Women's Grand Swiss"]
[Site "Samarkand UZB"]
[Date "2025.09.15"]
[Round "11.24"]
[White "Kiolbasa, Oliwia"]
[Black "Gomez Barrera, Javiera Belen"]
[Result "1-0"]
[WhiteTitle "IM"]
[BlackTitle "WIM"]
[WhiteElo "2405"]
[BlackElo "2169"]
[WhiteFideId "1154613"]
[BlackFideId "3418723"]
[EventDate "2025.09.04"]

1. e4 e5 2. Nf3 Nc6 3. Bc4 Nf6 4. d3 Be7 5. Nc3 d6 6. a3 O-O 7. Be3 a5 8. h3 Be6
9. Ng5 Bxc4 10. dxc4 Nd7 11. Nf3 Nc5 12. Qe2 Ne6 13. O-O-O Qe8 14. g4 Rb8 15. h4
Kh8 16. Nd5 Bd8 17. g5 f5 18. gxf6 Bxf6 19. Ng5 Ncd4 20. Qg4 h5 21. Qh3 b5 22.
Bxd4 Nxd4 23. Nxc7 Qc6 24. Nce6 Qxc4 25. Rxd4 exd4 26. Kb1 d3 27. cxd3 Qb3 28.
d4 Qxh3 29. Rxh3 Rfe8 30. d5 Rb7 31. f4 Kg8 32. Nf3 a4 33. e5 Be7 34. Nfd4 Rd7
35. Nf5 dxe5 36. Nexg7 Rc8 37. fxe5 Bf8 38. Nxh5 Kh8 39. d6 Rf7 40. Nf6 Rd8 41.
h5 Bg7 42. e6 1-0